Erich I von Pommern-Stolp

Titel: Erich I von Pommern-Stolp / Ludwig Biewer
Verfasser:
In: Ostdeutsche Gedenktage, (2009), Seite 13-21
alle Artikel anzeigen
Veröffentlicht: 2010
Format: Aufsatz
Sprache: Deutsch
Schlagworte:
Kein Bild verfügbar
X
alg: 42520755
001A    $03025:25-01-18 
001B    $03025:25-06-18 $t12:13:23.000 
001C    $03025:25-01-18 $t16:59:33.000 
001D    $03025:25-01-18 
001U    $0utf8 
001X    $00 
002@    $0Aou 
002C    $aText $btxt $2rdacontent 
002D    $aohne Hilfsmittel zu benutzen $bn $2rdamedia 
002E    $aBand $bnc $2rdacarrier 
003@    $0425207552 
007A    $0425207552 $aHEB 
010@    $ager 
010E    $erda 
011@    $a2010 
021A    $aErich I von Pommern-Stolp $hLudwig Biewer 
028A    $BVerfasser $#Biewer, L. $4aut $7132738821 $8Biewer, Ludwig$Z1949- [Tp1] $918509726X 
031A    $h13-21 $j2009 
039B    $aEnthalten in $8--Abvc--. Ostdeutsche Gedenktage. - Bonn : Kulturstiftung der Vertriebenen, 1965-[2018] $x200900000000000987 $9047761881 
044K    $RPhilippa $#Erich  VII. $#Éric  VII. $#Eric  VII. $#Éric  $#Erich  $#Erich  $#Erich  III. $#Erich  I. $#Erich  XIII. $#Erich  $#Ericus  VII. $#Ericus  $#Erik  $#Erich  VII. $#Erich I. $#Erich  $#Erik  $#Eryk  $#Ericus  $#Eryk I. $#Erich VII. $7119446359 $8$PErik$nVII.$lDanmark, Konge$Z1382-1459 [Tp1] $9087786079 
045F    $a909 $eDDC22BSB 
045F/01 $a909 
045F/03 $f024 
045F/03 $g48 
045R    $aGeschichte 1382-1459 
045T    $a8,1 

lok: 42520755 78

exp: 42520755 78 1 #EPN
201B/01 $031-01-18 $t11:13:52.000 
201C/01 $025-01-18 
201U/01 $0utf8 
203@/01 $01016405863 
208@/01 $a25-01-18 $be 
209A/01 $a/ $f000 $x00 
209A/01 $ab*p $x01 
220C/01 $aeja 
244Z/01 $#Kings and rulers $#Rois et souverains $#Königtum $#Krone Königtum $74031516-2 $8--Ts1--König $x01 $9085083461 
244Z/01 $#Pommern $#Pommern $#Herzogtum Pommern $#Herzogthum Pommern $#Provinz Pommern $#Pomorze $74046744-2 $8--Tg1--Pommern $x06 $9085130354 
247C/01 $82080>Marburg/Lahn, Herder-Institut, Forschungsbibliothek, Bibliographieportal $9336309341
LEADER 00000caa a2200000 c 4500
001 425207552
003 DE-603
005 20180625121323.0
007 tu
008 180125s2010 xx |||| | u00||u|ger c
035 |a (DE-599)HEB425207552 
040 |a DE-603  |b ger  |c DE-603  |d DE-603  |e rda 
041 |a ger 
082 0 4 |8 1\u  |a 909  |q DE-101  |2 22/BSB 
084 |a 8,1  |2 ssgn 
085 |8 1\u  |b 909 
085 |8 1\u  |z 1  |s 024 
085 |8 1\u  |z 2  |s 48 
100 1 |a Biewer, Ludwig  |d 1949-  |e Verfasser  |4 aut  |0 (DE-603)18509726X  |0 (DE-588)132738821  |2 gnd 
245 0 0 |a Erich I von Pommern-Stolp  |c Ludwig Biewer 
264 0 |c 2010 
336 |a Text  |b txt  |2 rdacontent 
337 |a ohne Hilfsmittel zu benutzen  |b n  |2 rdamedia 
338 |a Band  |b nc  |2 rdacarrier 
600 0 7 |a Erik  |b VII.  |c Danmark, Konge  |d 1382-1459  |0 (DE-588)119446359  |0 (DE-603)087786079  |2 gnd 
648 7 |a Geschichte 1382-1459  |2 gnd 
773 0 8 |i Enthalten in  |t Ostdeutsche Gedenktage  |d Bonn : Kulturstiftung der Vertriebenen, 1965-[2018]  |g (2009), Seite 13-21  |w (DE-603)047761881  |w (DE-600)521278-9 
924 0 |9 2080  |a (DE-603)1016405863  |b DE-2080  |c HES  |d d  |g /